|
|
|
|
| LEADER |
00000nab#a22000007a#4500 |
| 001 |
arbauad037546 |
| 003 |
AR-BaUAD |
| 005 |
20250711112942.0 |
| 008 |
990624|||||||||###||||||b###|0###a|spa|| |
| 040 |
|
|
|a AR-BaUAD
|c AR-BaUAD
|b spa
|
| 100 |
|
|
|a Heller, Steven
|
| 245 |
|
|
|a A face in the crowd /
|c Steven Heller;
|
| 300 |
0 |
|
|b il.
|
| 500 |
|
|
|a Serie de retratos con el rostro de Mr. Brylcreem, personaje de un producto masculino para el pelo en los años 60.
|
| 653 |
|
|
|a REVIVAL
|
| 653 |
|
|
|a DECADA DE 1960
|
| 653 |
|
|
|a RETRATOS
|
| 653 |
|
|
|a ILUSTRADORES
|
| 653 |
|
|
|a CHWAST, SEYMOUR
|
| 773 |
0 |
|
|t PRINT
|g vol. 53, no. 3 [mayo-jun. 1999], p. 104-107
|
| 942 |
|
|
|c ARTI
|
| 952 |
|
|
|0 0
|1 0
|4 0
|7 0
|9 82465
|a AR-BAuAD
|b AR-BAuAD
|d 2025-07-11
|l 0
|p AAQA037546
|r 2025-07-11 11:29:42
|w 2025-07-11
|y ARTI
|
| 990 |
|
|
|a DG199
|b TD
|
| 998 |
|
|
|a AAQ
|b BIBUN76
|
| 999 |
|
|
|c 62138
|d 62138
|